Compendio de información estadística 1991

Gardado en:
Detalles Bibliográficos
Formato: Libro
Idioma:Lingua castelá
Publicado: Santiago Ministerio de Educación 1991
Subjects:
Tags: Engadir etiqueta
Sen Etiquetas, Sexa o primeiro en etiquetar este rexistro!

MARC

LEADER 00000nam a2200000 a 4500
001 UCP6095
003 CL-VaPUC
008 991008e19910000CL |||||||||||||||||spa|d
082 0 4 |a 370.983  |b MIN  |2 21 
245 1 0 |a Compendio de información estadística 1991 
300 |a 169 p 
942 |c BK 
945 |d 19991008 00:00:00  |a rbrito 
260 |a Santiago  |b Ministerio de Educación  |c 1991 
650 0 |a Educación  |9 258661 
650 7 |a ESTADISTICA EDUCATIVA  |2 CL-VaPUC  |9 307023 
651 7 |a CHILE  |2 CL-VaPUC  |9 434929 
583 |a last modification  |c 19991008 00:00:00  |k Rodrigo Vera 
999 |c 283719  |d 283717 
952 |0 0  |1 0  |4 0  |6 370_983000000000000_MIN_1991  |7 0  |8 A  |9 327130  |a BIBEDU  |b BIBEDU  |d 2019-11-20  |i 3564428  |o 370.983 MIN 1991  |p 3564428  |r 2019-11-20  |w 2019-11-20  |y BK  |k BME